000 00499nam a2200193Ia 4500
005 20250923144706.0
008 008 250917s9999 xx 000 0 eng d
037 _aTextual
040 _aDSWL
_beng
_cDSWL
041 _aeng
_2eng
084 _aX/6060/59
_qDSWL
245 0 _aAll India rural crdit survey Vol. I Part 2
260 _aBombay
_bBombay .
_c1957
300 _aviii,712p.
365 _aINR
_b7
925 _g7
942 _cTEXL
_hX/6060/59
999 _c1442117
_d1442117